Viplavī Mahānāyaka Rāsabihārī Basu. (Record no. 85469)

MARC details
000 -LEADER
fixed length control field 00720cam a22002531 4500
001 - CONTROL NUMBER
control field sa 68013959
003 - CONTROL NUMBER IDENTIFIER
control field DLC
005 - DATE AND TIME OF LATEST TRANSACTION
control field 20260227112627.0
008 - FIXED-LENGTH DATA ELEMENTS--GENERAL INFORMATION
fixed length control field 890811s1968 ii ac b 000 0 hino
010 ## - LIBRARY OF CONGRESS CONTROL NUMBER
LC control number sa 68013959
035 ## - SYSTEM CONTROL NUMBER
System control number (OCoLC)20162294
040 ## - CATALOGING SOURCE
Original cataloging agency DLC
Transcribing agency WaU
Modifying agency DLC
042 ## - AUTHENTICATION CODE
Authentication code premarc
050 00 - LIBRARY OF CONGRESS CALL NUMBER
Classification number DS481.B59
Item number M5
100 1# - MAIN ENTRY--PERSONAL NAME
Personal name Mishra, Anant,
Dates associated with a name 1922-
245 10 - TITLE STATEMENT
Title Viplavī Mahānāyaka Rāsabihārī Basu.
260 ## - PUBLICATION, DISTRIBUTION, ETC.
Date of publication, distribution, etc. [1968]
300 ## - PHYSICAL DESCRIPTION
Extent 2, 2, 6, 80 p.
Other physical details illus., ports.
Dimensions 22 cm.
500 ## - GENERAL NOTE
General note Includes some speeches of Rash Behari Bose.
500 ## - GENERAL NOTE
General note In Hindi.
504 ## - BIBLIOGRAPHY, ETC. NOTE
Bibliography, etc. note Bibliographical footnotes.
600 10 - SUBJECT ADDED ENTRY--PERSONAL NAME
Personal name Bose, Rash Behari,
Dates associated with a name 1886-1945.
700 1# - ADDED ENTRY--PERSONAL NAME
Personal name Bose, Rash Behari,
Dates associated with a name 1886-1945.

No items available.

Powered by Koha